Office 2016 simplified
This book provides the ideal rundown of Microsoft Office's full feature set and capabilities. Even experienced users may learn something they never realized they were missing. If you need to get things done with minimal interruption to your workflow, Office Simplified will get you up to speed q...
Gorde:
| Egile nagusia: | |
|---|---|
| Formatua: | Liburua |
| Hizkuntza: | Undetermined |
| Argitaratua: |
Indianapolis
John Wiley & Sons, Inc
2016
|
| Gaiak: | |
| Etiketak: |
Etiketa erantsi
Etiketarik gabe, Izan zaitez lehena erregistro honi etiketa jartzen!
|
| Thư viện lưu trữ: | Trung tâm Học liệu Trường Đại học Cần Thơ |
|---|
| LEADER | 00923nam a2200217Ia 4500 | ||
|---|---|---|---|
| 001 | CTU_207203 | ||
| 008 | 210402s9999 xx 000 0 und d | ||
| 020 | |c 571000 | ||
| 082 | |a 005.3 | ||
| 082 | |b M351 | ||
| 100 | |a Marmel, Eaine | ||
| 245 | 0 | |a Office 2016 simplified | |
| 245 | 0 | |c Eaine Marmel | |
| 260 | |a Indianapolis | ||
| 260 | |b John Wiley & Sons, Inc | ||
| 260 | |c 2016 | ||
| 520 | |a This book provides the ideal rundown of Microsoft Office's full feature set and capabilities. Even experienced users may learn something they never realized they were missing. If you need to get things done with minimal interruption to your workflow, Office Simplified will get you up to speed quickly and easily. | ||
| 650 | |a Phần mềm văn phòng,Office software | ||
| 650 | |x Chương trình máy tính,Computer programs | ||
| 904 | |i Tuyến | ||
| 980 | |a Trung tâm Học liệu Trường Đại học Cần Thơ | ||